Honduras-visa - Statistics

Yleistilastot
  • Tätä visaa on pelattu 250 kertaa
  • Keskiarvotulos 10 / 20
Vastaustilastot
Vihje Vastaus % Oikein
Virallinen kieli Espanja
96%
Naapurimaa El Salvador
95%
Naapurimaa Guatemala
95%
Meri Hondurasin pohjoispuolella Karibianmeri
93%
Naapurimaa Nicaragua
93%
Sivilisaatio, joka rakensi Copánin kaupungin, jonka jäänteet ovat Unescon maailmanperintökohde Mayat
72%
Lyhyt sota, jonka Honduras kävi vuonna 1969 yhden naapurimaansa kanssa {Jalkapallo}sota
69%
Pääkaupunki Tegucigalpa
65%
Merenlahdet, joiden rannalla Honduras sijaitsee Hondurasinlahti
64%
Toiseksi väkirikkain kaupunki San Pedro Sula
36%
Tärkein vientituote Tekstiilit
33%
Sanan "Honduras" tarkoitus tuolla kielellä Syvyydet
31%
Valuutta Lempira
30%
Osa Hondurasista sijaitsee tällä historiallisella rannikkoalueella {Moskiitto}rannikko
30%
Hondurasin kansallislintu, eräänlainen papukaija Puna-ara
20%
Merenlahdet, joiden rannalla Honduras sijaitsee Fonsecanlahti
19%
Hondurasille kuuluva saaristo hieman mantereelta pohjoiseen, merirosvojen tukikohta 1500- ja 1600-luvuilla Islas de la {Bahia}
14%
Pääkaupunki ennen vuotta 1880, nykyisin merkittävä turistikohde Comayagua
12%
Maan eteläosissa elävä intiaanikansa Lencat
12%
Samannimisen joen varrella oleva luonnonsuojelualue, sijaitsee maan koillisosissa, alueella satoja raunioita {Río Plátanon} biosfäärialue
11%
Ehtoja vastaavia visoja ei löytynyt
Tulosjakauma
Jokaisen tuloksen saaneiden osuus
Persentiili vastausten määrän mukaan
Tuloshistoriasi
Et ole pelannut tätä visaa